00319nam a2200085Ia 4500008004100000041000800041100002200049245011300071260004900184250110s9999 xx 000 0 und d aeng aGujarathi Vaidehi aHolistic Approach In Creation of Bird Friendly Environment That Safeguards The Native Birds And Bird Habitat bBNCA M Arch Digital ArchitectureaPunec2024